| 000 | 00604pam a2200229 a 4500 | ||
|---|---|---|---|
| 001 | 2859049 | ||
| 005 | 20180201053116.0 | ||
| 008 | 850321s1985 nyua b 001 0 eng | ||
| 010 | _a 85006387 | ||
| 020 | _a0471862568 | ||
| 040 |
_aDLC _cDLC _dDLC |
||
| 041 | _aeng | ||
| 080 | _a536.7 | ||
| 082 | 0 | 0 |
_a536.7 CAL _219 |
| 100 | 1 | _a27 | |
| 101 | _aMEK | ||
| 245 | 1 | 0 |
_aThermodynamics and an introduction to thermostatistics / _cHerbert B. Callen. |
| 504 | _aBibliography: p. 485-486. | ||
| 740 | 0 | _aThermostatistics. | |
| 906 |
_a7 _bcbc _corignew _d1 _eocip _f19 _gy-gencatlg |
||
| 942 |
_2ddc _cBK |
||
| 999 |
_c41510 _d41510 |
||